[Event "1 Bundesliga 2007/2008"]
[Site "Graz"]
[Date "2008.03.14"]
[Round "9"]
[Board "4"]
[White "Lazarev, Vladimir"]
[Black "Atlas, Valery"]
[Result "1/2-1/2"]
[WhiteElo "2488"]
[BlackElo "2473"]
[PlyCount "36"]
[EventDate "2007.11.30"]
[EventType "team"]
[EventRounds "11"]
[EventCountry "AUT"]
[WhiteTeam "SC Die Klagenfurter"]
[BlackTeam "SK Hohenems"]

1.d4 Nf6 2.c4 c5 3.d5 e5 4.Nc3 d6 5.e4 Be7 6.Bd3 Nbd7 7.Nge2 Nf8 8.f3 Ng6 9.a3
Nh4 10.O-O Ng6 11.Be3 O-O 12.b4 b6 13.Qd2 Nh5 14.Rab1 Nhf4 15.Bc2 Bg5 16.Ba4
Nxe2+ 17.Nxe2 Bxe3+ 18.Qxe3 Bd7

[Event "1 Bundesliga 2007/2008"]
[Site "Graz"]
[Date "2008.03.14"]
[Round "9"]
[Board "5"]
[White "Braun, Arik"]
[Black "Pilaj, Herwig"]
[Result "1-0"]
[WhiteElo "2536"]
[BlackElo "2374"]
[PlyCount "107"]
[EventDate "2007.11.30"]
[EventType "team"]
[EventRounds "11"]
[EventCountry "AUT"]
[WhiteTeam "SK Hohenems"]
[BlackTeam "SC Die Klagenfurter"]

1.d4 d5 2.c4 c6 3.Nf3 Nf6 4.e3 Bg4 5.Nc3 e6 6.h3 Bxf3 7.Qxf3 Nbd7 8.Bd2 Bd6 9.g4
Bb4 10.Bd3 e5 11.cxd5 Bxc3 12.Bxc3 Nxd5 13.Bc4 N7b6 14.Bxd5 Nxd5 15.Qe4 O-O
16.Qxe5 Qh4 17.Ke2 f5 18.Qg3 Qxg3 19.fxg3 Rae8 20.Bd2 fxg4 21.hxg4 Re4 22.g5
Nxe3 23.Kd3 Rfe8 24.Rhe1 Ng4 25.Rxe4 Nf2+ 26.Kc4 Nxe4 27.Bf4 Kf7 28.Rd1 Kg6
29.d5 Nxg5 30.dxc6 bxc6 31.Rd6+ Re6 32.Rd7 Re2 33.Rxa7 Ne6 34.Bd6 Rxb2 35.a4 Kf5
36.a5 Ra2 37.a6 h5 38.Kb3 Ra5 39.Bb4 Rd5 40.Rf7+ Kg6 41.Rb7 Rd8 42.a7 Ra8 43.Kc4
Kf5 44.Ba5 Kg4 45.Bb6 g5 46.Rb8 Nc7 47.Rxa8 Nxa8 48.Bf2 Kf3 49.Be1 Ke2 50.Bb4
Kf3 51.Bd6 Ke4 52.Kc5 Kf5 53.Kxc6 Ke6 54.Bb8

[Event "1 Bundesliga 2007/2008"]
[Site "Graz"]
[Date "2008.03.14"]
[Round "9"]
[Board "6"]
[White "Genser, Harald"]
[Black "Novkovic, Milan"]
[Result "1/2-1/2"]
[WhiteElo "2351"]
[BlackElo "2413"]
[PlyCount "118"]
[EventDate "2007.11.30"]
[EventType "team"]
[EventRounds "11"]
[EventCountry "AUT"]
[WhiteTeam "SC Die Klagenfurter"]
[BlackTeam "SK Hohenems"]

1.d4 d5 2.Nf3 c6 3.c4 e6 4.e3 Nf6 5.Bd3 Nbd7 6.Nbd2 b6 7.O-O Bb7 8.b3 Be7 9.Bb2
O-O 10.Qe2 Rc8 11.Rfd1 Rc7 12.Rac1 Qc8 13.e4 dxe4 14.Nxe4 Rd8 15.Ne5 Nxe4
16.Qxe4 f5 17.Qe2 Nxe5 18.dxe5 c5 19.Bc2 Rcd7 20.Rxd7 Rxd7 21.Rd1 Rxd1+ 22.Bxd1
Qa8 23.f3 Qe8 24.f4 g5 25.Bc1 g4 26.Be3 h5 27.Kf1 Qc6 28.Bg1 Kf7 29.h3 Kg7
30.hxg4 hxg4 31.Bc2 Bh4 32.Be3 Kf7 33.Qd2 Ke8 34.Bd3 Bg3 35.Bc2 a5 36.a4 Qd7
37.Qxd7+ Kxd7 38.Kg1 Ke8 39.Kh1 Be4 40.Bd1 Bd3 41.Kg1 Kf7 42.Bd2 Kg6 43.Be3 Kh6
44.Bd2 Be4 45.Be3 Bc6 46.Bd2 Be8 47.Be2 Bh5 48.Bd3 Bf7 49.Be2 Be8 50.Bd1 Bc6
51.Be3 Be4 52.Bd2 Kg6 53.Be3 Kf7 54.Bd2 Bh4 55.Be3 g3 56.Bd2 Kg6 57.Be1 Kh6
58.Bd2 Bc6 59.Bf3 Bxf3

[Event "1 Bundesliga 2007/2008"]
[Site "Graz"]
[Date "2008.03.15"]
[Round "10"]
[Board "1"]
[White "Horvath, Tamas"]
[Black "Bischoff, Klaus"]
[Result "1/2-1/2"]
[WhiteElo "2430"]
[BlackElo "2537"]
[PlyCount "28"]
[EventDate "2007.11.30"]
[EventType "team"]
[EventRounds "11"]
[EventCountry "AUT"]
[WhiteTeam "RbEJ Gleisdorf"]
[BlackTeam "SC Die Klagenfurter"]

1.e4 c5 2.Nf3 e6 3.d4 cxd4 4.Nxd4 Nc6 5.Nb5 d6 6.Bf4 e5 7.Be3 Nf6 8.Bg5 Be6
9.N1c3 a6 10.Bxf6 gxf6 11.Na3 d5 12.exd5 Bxa3 13.bxa3 Qa5 14.Qd2 O-O-O

[Event "1 Bundesliga 2007/2008"]
[Site "Graz"]
[Date "2008.03.15"]
[Round "10"]
[Board "3"]
[White "Sandhu, Mario"]
[Black "Horvath, Jozsef"]
[Result "0-1"]
[WhiteElo "2308"]
[BlackElo "2519"]
[PlyCount "92"]
[EventDate "2007.11.30"]
[EventType "team"]
[EventRounds "11"]
[EventCountry "AUT"]
[WhiteTeam "RbEJ Gleisdorf"]
[BlackTeam "SC Die Klagenfurter"]

1.e4 c5 2.Nf3 g6 3.d4 Bg7 4.dxc5 Qa5+ 5.c3 Qxc5 6.Be3 Qc7 7.Nd4 Nc6 8.g3 Nf6
9.Bg2 O-O 10.O-O Rd8 11.f4 d6 12.h3 e5 13.Nxc6 bxc6 14.fxe5 dxe5 15.Qe2 h6
16.Nd2 Be6 17.Nb3 Nd7 18.Nc5 Nxc5 19.Bxc5 h5 20.Be3 a5 21.Rf2 a4 22.Qc2 Bf8
23.Bf1 Be7 24.Kh2 Qa5 25.Rd2 Rxd2+ 26.Qxd2 Rb8 27.Qf2 Qd8 28.c4 h4 29.g4 Rb7
30.Kh1 Kg7 31.Rb1 Rd7 32.Bb6 Qb8 33.Be3 Qb4 34.b3 axb3 35.axb3 Qc3 36.Bc1 Rd3
37.Bb2 Rxh3+ 38.Bxh3 Qxh3+ 39.Qh2 Qxg4 40.Qg2 Qh5 41.Rf1 f6 42.Bc3 g5 43.Be1 Kf7
44.Qf2 Bh3 45.Rg1 Bg4 46.Kh2 Bf3

[Event "1 Bundesliga 2007/2008"]
[Site "Graz"]
[Date "2008.03.15"]
[Round "10"]
[Board "5"]
[White "Wanderer, Thomas"]
[Black "Genser, Harald"]
[Result "1/2-1/2"]
[WhiteElo "2226"]
[BlackElo "2351"]
[PlyCount "46"]
[EventDate "2007.11.30"]
[EventType "team"]
[EventRounds "11"]
[EventCountry "AUT"]
[WhiteTeam "RbEJ Gleisdorf"]
[BlackTeam "SC Die Klagenfurter"]

1.e4 c5 2.Nc3 Nc6 3.g3 g6 4.Bg2 Bg7 5.d3 d6 6.Be3 Rb8 7.Qd2 b5 8.Nge2 b4 9.Nd1
Nd4 10.O-O e6 11.Nc1 Ne7 12.c3 bxc3 13.bxc3 Ndc6 14.Bh6 O-O 15.Bxg7 Kxg7 16.Ne3
Qc7 17.Rd1 e5 18.Ne2 Ba6 19.Rab1 Rxb1 20.Rxb1 Rb8 21.Rxb8 Qxb8 22.Qc2 Qb6 23.Nc1
Na5

[Event "1 Bundesliga 2007/2008"]
[Site "Graz"]
[Date "2008.03.15"]
[Round "10"]
[Board "6"]
[White "Moser, Guenter"]
[Black "Perhinig, Robert"]
[Result "1/2-1/2"]
[WhiteElo "2354"]
[BlackElo "2272"]
[PlyCount "114"]
[EventDate "2007.11.30"]
[EventType "team"]
[EventRounds "11"]
[EventCountry "AUT"]
[WhiteTeam "SC Die Klagenfurter"]
[BlackTeam "RbEJ Gleisdorf"]

1.d4 d5 2.c4 c6 3.e3 Nf6 4.Nf3 g6 5.Nc3 Bg7 6.a3 a5 7.cxd5 Nxd5 8.Bd2 O-O 9.Rc1
Nxc3 10.Bxc3 Nd7 11.Be2 b6 12.O-O Bb7 13.Qb3 Qc7 14.Rfd1 Rac8 15.Bc4 e6 16.Rd2
Nf6 17.Rdc2 Rfd8 18.Be1 Nd7 19.Qa2 Qb8 20.b4 axb4 21.Bxb4 c5 22.dxc5 Nxc5
23.Bxc5 Rxc5 24.Ne1 Qa8 25.Be2 Bd5 26.Qb1 Rxc2 27.Nxc2 Bxg2 28.Ne1 Bd5 29.Qxb6
Rb8 30.Qa6 Qxa6 31.Bxa6 Bb2 32.Rc8+ Rxc8 33.Bxc8 Bxa3 34.f3 Bb4 35.Nd3 Bd6
36.Kg2 g5 37.Nf2 Kg7 38.h3 h5 39.Ne4 Be7 40.Ng3 Kg6 41.Ba6 Bc6 42.e4 Bd6 43.Ne2
Be5 44.Bd3 Kf6 45.Kf2 Bf4 46.Nxf4 gxf4 47.h4 Ke5 48.Bf1 f5 49.exf5 Kxf5 50.Bd3+
Kf6 51.Bc2 Be8 52.Bb3 Bg6 53.Ba4 Ke5 54.Bb5 Kd4 55.Bd7 e5 56.Bc6 Kd3 57.Bb5+ Kd4

[Event "1 Bundesliga 2007/2008"]
[Site "Graz"]
[Date "2008.03.15"]
[Round "10"]
[Board "1"]
[White "Lanka, Zigurds"]
[Black "Gustafsson, Jan"]
[Result "1/2-1/2"]
[WhiteElo "2475"]
[BlackElo "2607"]
[PlyCount "32"]
[EventDate "2007.11.30"]
[EventType "team"]
[EventRounds "11"]
[EventCountry "AUT"]
[WhiteTeam "Mayrhofen/Zillertal"]
[BlackTeam "SK Hohenems"]

1.e4 e5 2.Nf3 Nc6 3.Bb5 a6 4.Ba4 Nf6 5.O-O Be7 6.Re1 b5 7.Bb3 O-O 8.h3 Bb7 9.d3
d5 10.exd5 Nxd5 11.Nbd2 f6 12.c3 Kh8 13.Nf1 Qd7 14.a3 Rae8 15.d4 exd4 16.cxd4
Nd8

[Event "1 Bundesliga 2007/2008"]
[Site "Graz"]
[Date "2008.03.15"]
[Round "10"]
[Board "3"]
[White "Maiwald, Jens Uwe"]
[Black "Baramidze, David"]
[Result "1-0"]
[WhiteElo "2484"]
[BlackElo "2582"]
[PlyCount "135"]
[EventDate "2007.11.30"]
[EventType "team"]
[EventRounds "11"]
[EventCountry "AUT"]
[WhiteTeam "Mayrhofen/Zillertal"]
[BlackTeam "SK Hohenems"]

1.d4 d5 2.c4 c6 3.Nf3 Nf6 4.Nc3 e6 5.cxd5 exd5 6.Bg5 Be7 7.Qc2 g6 8.e4 dxe4
9.Bxf6 Bxf6 10.Qxe4+ Qe7 11.Bc4 Bf5 12.Qxe7+ Kxe7 13.O-O-O Rd8 14.h3 Nd7
15.Rhe1+ Kf8 16.g4 Nb6 17.Bb3 Bd7 18.Ne4 Be7 19.Neg5 Bb4 20.Nxf7 Rdc8 21.Re4 c5
22.N7e5 c4 23.Bc2 c3 24.Rf4+ Kg8 25.Bb3+ Kh8 26.Nxd7 Nxd7 27.Rf7 Rf8 28.Ng5 Rxf7
29.Nxf7+ Kg7 30.Ng5 h6 31.Ne6+ Kh7 32.bxc3 Bxc3 33.Rd3 Rc8 34.Bc2 Nf6 35.Rf3 Nd5
36.Rf7+ Kh8 37.Bxg6 Bxd4+ 38.Kd1 Bb6 39.h4 Nc7 40.Nf4 Rd8+ 41.Ke2 Nd5 42.Nh5 Kg8
43.Rxb7 Nc7 44.a4 Kf8 45.f4 Ke7 46.a5 Bxa5 47.Rxa7 Rd2+ 48.Kf3 Ra2 49.g5 hxg5
50.hxg5 Kd6 51.Nf6 Rf2+ 52.Kg3 Ra2 53.Kg4 Rg2+ 54.Kf5 Bb6 55.Ra1 Nb5 56.Ne4+ Ke7
57.Bh5 Nd4+ 58.Kg6 Ne6 59.f5 Nf4+ 60.Kh6 Rh2 61.Nf6 Bd4 62.Re1+ Kd6 63.Re4 Bxf6
64.Rxf4 Ke5 65.Rf1 Bd8 66.f6 Rg2 67.Re1+ Kf4 68.f7

[Event "1 Bundesliga 2007/2008"]
[Site "Graz"]
[Date "2008.03.15"]
[Round "10"]
[Board "4"]
[White "Atlas, Valery"]
[Black "Hausner, Ivan"]
[Result "1/2-1/2"]
[WhiteElo "2473"]
[BlackElo "2394"]
[PlyCount "119"]
[EventDate "2007.11.30"]
[EventType "team"]
[EventRounds "11"]
[EventCountry "AUT"]
[WhiteTeam "SK Hohenems"]
[BlackTeam "Mayrhofen/Zillertal"]

1.e4 e6 2.d4 d5 3.Nc3 Be7 4.Bd3 b6 5.Nf3 Nf6 6.O-O Bb7 7.e5 Nfd7 8.Ne2 Ba6
9.Bxa6 Nxa6 10.Ne1 c5 11.c3 cxd4 12.cxd4 O-O 13.a3 Nc7 14.f4 f5 15.g4 g6 16.g5
Kf7 17.Be3 Rh8 18.Nf3 a5 19.Kf2 h5 20.Rc1 Qb8 21.Ne1 Ne8 22.Nd3 Qb7 23.Qc2 Ng7
24.Qc6 Qxc6 25.Rxc6 Rhc8 26.Rfc1 Rxc6 27.Rxc6 Ke8 28.Nc3 Kd8 29.Nb5 Rc8 30.Rc1
Rxc1 31.Nxc1 Ne8 32.Ne2 Nc7 33.Nec3 Nxb5 34.Nxb5 Nb8 35.Ke2 Na6 36.Kd3 Kd7
37.Bd2 Kc6 38.Na7+ Kb7 39.Nb5 Kc6 40.Nc3 Nc7 41.Ne2 Kb5 42.Ng1 Ka4 43.Kc2 Bxa3
44.bxa3 Nb5 45.Nf3 Nxa3+ 46.Kd3 Kb3 47.Nh4 a4 48.Nxg6 Nc4 49.Bc1 Nb2+ 50.Bxb2
Kxb2 51.Nh8 a3 52.g6 a2 53.g7 a1=Q 54.g8=Q Qd1+ 55.Ke3 Qe1+ 56.Kf3 Qf1+ 57.Ke3
Qe1+ 58.Kf3 Qf1+ 59.Ke3 Qe1+ 60.Kf3

[Event "1 Bundesliga 2007/2008"]
[Site "Graz"]
[Date "2008.03.15"]
[Round "10"]
[Board "6"]
[White "Novkovic, Milan"]
[Black "Platzgummer, Fabian"]
[Result "1/2-1/2"]
[WhiteElo "2413"]
[BlackElo "2174"]
[PlyCount "87"]
[EventDate "2007.11.30"]
[EventType "team"]
[EventRounds "11"]
[EventCountry "AUT"]
[WhiteTeam "SK Hohenems"]
[BlackTeam "Mayrhofen/Zillertal"]

1.d4 Nf6 2.Nf3 e6 3.g3 b6 4.Bg2 Bb7 5.O-O Be7 6.c4 O-O 7.Nc3 Ne4 8.Bd2 Bf6 9.Rc1
d6 10.d5 Nxc3 11.Bxc3 Bxc3 12.Rxc3 e5 13.Nd2 a5 14.f4 exf4 15.gxf4 f5 16.e4 Nd7
17.exf5 Nc5 18.Nf3 Bc8 19.Bh3 Bxf5 20.Bxf5 Rxf5 21.Nd4 Rf6 22.f5 Rh6 23.Ne6 Qh4
24.Qe2 Re8 25.Rg3 Nxe6 26.fxe6 Rf6 27.Rxf6 Qxf6 28.Rf3 Qd4+ 29.Kh1 b5 30.b3 bxc4
31.Qxc4 Qd1+ 32.Rf1 Qh5 33.Qe4 Rf8 34.Rxf8+ Kxf8 35.Qf4+ Ke7 36.Qd2 Qf5 37.Kg1
Qg4+ 38.Kf2 Qh4+ 39.Kf1 Qf6+ 40.Kg2 Qg6+ 41.Kf2 Qf5+ 42.Kg2 Qg4+ 43.Kf2 Qf5+
44.Kg2

[Event "1 Bundesliga 2007/2008"]
[Site "Graz"]
[Date "2008.03.15"]
[Round "10"]
[Board "5"]
[White "Knoll, Hermann"]
[Black "Tratar, Marko"]
[Result "1/2-1/2"]
[WhiteElo "2386"]
[BlackElo "2507"]
[PlyCount "61"]
[EventDate "2007.11.30"]
[EventType "team"]
[EventRounds "11"]
[EventCountry "AUT"]
[WhiteTeam "Union Ansfelden"]
[BlackTeam "SK KlZtgMPOe Maria Saal"]

1.d4 Nf6 2.c4 g6 3.Nc3 Bg7 4.e4 d6 5.Bd3 O-O 6.Nge2 Nc6 7.O-O Nh5 8.Be3 e5 9.Bc2
Nf4 10.d5 Nxe2+ 11.Nxe2 Ne7 12.Qd2 f5 13.exf5 Nxf5 14.Bxf5 gxf5 15.f4 Bd7 16.Rf2
Qf6 17.c5 dxc5 18.Bxc5 Rf7 19.fxe5 Qxe5 20.Nf4 b6 21.Re2 Qf6 22.Bf2 Re8 23.Nh5
Qh6 24.Nxg7 Qxd2 25.Rxd2 Rxg7 26.Rc1 Rc8 27.Bg3 c5 28.dxc6 Rxc6 29.Rxc6 Bxc6
30.Rd8+ Kf7 31.Rc8

[Event "1 Bundesliga 2007/2008"]
[Site "Graz"]
[Date "2008.03.15"]
[Round "10"]
[Board "5"]
[White "Kosten, Anthony C"]
[Black "Baumegger, Siegfried"]
[Result "1/2-1/2"]
[WhiteElo "2511"]
[BlackElo "2440"]
[PlyCount "112"]
[EventDate "2007.11.30"]
[EventType "team"]
[EventRounds "11"]
[EventCountry "AUT"]
[WhiteTeam "Holz Dohr"]
[BlackTeam "SK Advisory Invest Baden"]

1.e4 c5 2.c3 d5 3.exd5 Qxd5 4.d4 Nf6 5.Nf3 e6 6.a3 Be7 7.Be3 cxd4 8.cxd4 O-O
9.Nc3 Qd6 10.Bd3 Nc6 11.O-O b6 12.Qe2 Bb7 13.Rad1 Bd8 14.Rfe1 Ne7 15.Bg5 Ned5
16.Nb5 Qb8 17.Ne5 a6 18.Nc3 Nxc3 19.bxc3 Qd6 20.a4 Nd5 21.Bd2 b5 22.Rb1 Ba5
23.c4 Bxd2 24.Qxd2 bxc4 25.Nxc4 Qe7 26.Na5 Bc8 27.Be4 Qf6 28.Qc2 Bd7 29.Bxh7+
Kh8 30.Bd3 Qxd4 31.Nb3 Qc3 32.Qd1 g6 33.Rc1 Qf6 34.Nc5 Rfd8 35.Bxa6 Be8 36.Qb3
Nf4 37.Bb5 Bxb5 38.axb5 Qg5 39.Qf3 Rac8 40.g3 Nh3+ 41.Kg2 Nxf2 42.Nb7 Nd3
43.Nxd8 Rxd8 44.Red1 Nxc1 45.h4 Qe7 46.Qc3+ Kg8 47.Rxc1 Qd6 48.Rb1 Qd5+ 49.Kh2
Qf5 50.Rb2 Rd3 51.Qc2 g5 52.hxg5 Qh7+ 53.Kg2 Qe4+ 54.Kh2 Qh7+ 55.Kg2 Qe4+ 56.Kh2
Qh7+

[Event "1 Bundesliga 2007/2008"]
[Site "Graz"]
[Date "2008.03.15"]
[Round "10"]
[Board "6"]
[White "Stohl, Igor"]
[Black "Kunin, Vitaly"]
[Result "1/2-1/2"]
[WhiteElo "2543"]
[BlackElo "2538"]
[PlyCount "49"]
[EventDate "2007.11.30"]
[EventType "team"]
[EventRounds "11"]
[EventCountry "AUT"]
[WhiteTeam "SK Advisory Invest Baden"]
[BlackTeam "Holz Dohr"]

1.d4 d5 2.c4 dxc4 3.e3 e5 4.Bxc4 exd4 5.exd4 Bd6 6.Nf3 Nf6 7.O-O O-O 8.Bg5 Bg4
9.h3 Bh5 10.g4 Bg6 11.Ne5 c5 12.Nc3 cxd4 13.Qxd4 Bxe5 14.Qxe5 Qc8 15.Bxf6 Nd7
16.Qf4 Nxf6 17.Rad1 Re8 18.Rd4 Qc5 19.Rfd1 h6 20.Nd5 Nxd5 21.Rxd5 Qf8 22.Rd7
Rad8 23.Kh2 Rxd7 24.Rxd7 Re7 25.Rxe7

[Event "1 Bundesliga 2007/2008"]
[Site "Graz"]
[Date "2008.03.15"]
[Round "10"]
[Board "4"]
[White "Likavsky, Tomas"]
[Black "Luther, Thomas"]
[Result "1/2-1/2"]
[WhiteElo "2494"]
[BlackElo "2526"]
[PlyCount "160"]
[EventDate "2007.11.30"]
[EventType "team"]
[EventRounds "11"]
[EventCountry "AUT"]
[WhiteTeam "ASVOe Wulkaprodersdorf"]
[BlackTeam "Styria Graz"]

1.d4 d5 2.c4 c6 3.Nf3 Nf6 4.e3 Bg4 5.Nc3 e6 6.h3 Bxf3 7.Qxf3 Nbd7 8.Bd2 Bb4
9.Be2 O-O 10.O-O e5 11.cxd5 cxd5 12.a3 Ne4 13.Rfd1 Bxc3 14.bxc3 Nxd2 15.Rxd2 e4
16.Qf4 Rc8 17.Qd6 Nb6 18.Qb4 f5 19.a4 Rf7 20.a5 Nc4 21.Bxc4 Rxc4 22.Qb3 Qc7
23.g3 Qc6 24.Rc2 g5 25.Kh2 h6 26.Rb1 Kh7 27.Qb5 Kg7 28.Rb4 Qxb5 29.Rxb5 Rd7
30.Rcb2 Rcc7 31.R5b4 Kf6 32.Rc2 Ke6 33.c4 dxc4 34.Rcxc4 Rxc4 35.Rxc4 Rd5 36.Rb4
Rxa5 37.Rxb7 Ra2 38.Kg1 f4 39.gxf4 gxf4 40.exf4 Ra4 41.Kg2 Rxd4 42.Rxa7 Kf5
43.Rf7+ Kg6 44.Rf8 Rd3 45.f5+ Kg7 46.Re8 Rf3 47.Rxe4 Rxf5 48.Kg3 Ra5 49.Re6 Ra4
50.f3 Rb4 51.Re4 Rb5 52.Kh4 Ra5 53.Rb4 Kg6 54.Rb6+ Kg7 55.f4 Rc5 56.Re6 Ra5
57.Kg4 Rb5 58.Re5 Rb3 59.h4 Rb1 60.Ra5 Rb7 61.Ra6 Rb1 62.h5 Rb5 63.Ra7+ Kg8
64.Re7 Ra5 65.Re5 Ra6 66.Kf5 Kf7 67.Rb5 Ra7 68.Ke5 Re7+ 69.Kf5 Ra7 70.Rb6 Ra5+
71.Kg4 Kg7 72.Rg6+ Kh7 73.Rd6 Kg7 74.Rd7+ Kg8 75.f5 Ra4+ 76.Kg3 Rb4 77.Re7 Ra4
78.Kf3 Rh4 79.Re6 Rxh5 80.Kf4 Rh1

[Event "1 Bundesliga 2007/2008"]
[Site "Graz"]
[Date "2008.03.15"]
[Round "10"]
[Board "6"]
[White "Schweda, Roland"]
[Black "Hatzl, Stefan"]
[Result "1-0"]
[WhiteElo "2418"]
[BlackElo "2149"]
[PlyCount "43"]
[EventDate "2007.11.30"]
[EventType "team"]
[EventRounds "11"]
[EventCountry "AUT"]
[WhiteTeam "ASVOe Wulkaprodersdorf"]
[BlackTeam "Styria Graz"]

1.d4 Nf6 2.Nf3 e6 3.e3 b6 4.Bd3 Bb7 5.O-O c5 6.c4 cxd4 7.exd4 Be7 8.Nc3 a6 9.Bg5
h6 10.Bh4 d5 11.Bxf6 Bxf6 12.cxd5 exd5 13.Re1+ Kf8 14.Ne5 Bxe5 15.dxe5 Nd7
16.Qd2 Nc5 17.Rad1 Nxd3 18.Qxd3 Qg5 19.Qd4 Re8 20.Qxb6 Bc8 21.Nxd5 Rxe5 22.Qd6+

[Event "1 Bundesliga 2007/2008"]
[Site "Graz"]
[Date "2008.03.15"]
[Round "10"]
[Board "1"]
[White "Markos, Jan"]
[Black "Dizdar, Goran"]
[Result "1/2-1/2"]
[WhiteElo "2565"]
[BlackElo "2564"]
[PlyCount "81"]
[EventDate "2007.11.30"]
[EventType "team"]
[EventRounds "11"]
[EventCountry "AUT"]
[WhiteTeam "ASVOe Pamhagen"]
[BlackTeam "SK Absam"]

1.d4 d5 2.c4 e6 3.Nc3 Bb4 4.Qc2 dxc4 5.e3 b5 6.a4 c6 7.axb5 cxb5 8.Qe4 Qd5 9.Qg4
Kf8 10.Bd2 Bxc3 11.Bxc3 Bb7 12.Bb4+ Ne7 13.Ne2 Nbc6 14.Nc3 Qd8 15.Bc5 a6 16.Be2
Kg8 17.O-O h5 18.Qh3 Ng6 19.f4 Qh4 20.Qf3 Na5 21.e4 Nb3 22.f5 Ne5 23.dxe5 Nxc5
24.Qe3 Nd7 25.f6 Nxe5 26.g3 Qh3 27.fxg7 Rh7 28.Qf4 h4 29.g4 Rxg7 30.Qxe5 Qe3+
31.Rf2 b4 32.Nd1 Qxe4 33.Qxe4 Bxe4 34.Rf4 Bc6 35.Ne3 Rg5 36.Bxc4 a5 37.b3 Rd8
38.Rd1 Rxd1+ 39.Nxd1 e5 40.Bxf7+ Kg7 41.Rf2

[Event "1 Bundesliga 2007/2008"]
[Site "Graz"]
[Date "2008.03.15"]
[Round "10"]
[Board "3"]
[White "Antoniewski, Rafal"]
[Black "Wegerle, Joerg"]
[Result "1/2-1/2"]
[WhiteElo "2510"]
[BlackElo "2415"]
[PlyCount "79"]
[EventDate "2007.11.30"]
[EventType "team"]
[EventRounds "11"]
[EventCountry "AUT"]
[WhiteTeam "ASVOe Pamhagen"]
[BlackTeam "SK Absam"]

1.e4 e5 2.Nf3 Nc6 3.Bc4 Bc5 4.c3 Nf6 5.d3 a6 6.O-O Ba7 7.Bb3 d6 8.Nbd2 O-O 9.Nc4
h6 10.a4 Be6 11.a5 Re8 12.Re1 Ng4 13.Ne3 Nxe3 14.Bxe3 Bxe3 15.Rxe3 d5 16.Nd2
dxe4 17.Nxe4 b6 18.axb6 cxb6 19.Rg3 Bxb3 20.Qxb3 Re6 21.Rf1 Qc7 22.Qc4 Kh8
23.Rf3 Qe7 24.b4 a5 25.bxa5 Nxa5 26.Qb5 Nb7 27.Re1 Rf8 28.Rfe3 Rd8 29.h3 Nc5
30.Nxc5 bxc5 31.Qc4 Qd6 32.Rf3 f6 33.Rfe3 Re7 34.f4 Rde8 35.fxe5 Rxe5 36.Rxe5
Rxe5 37.Rxe5 Qxe5 38.Kf2 g5 39.d4 Qf4+ 40.Ke2

[Event "1 Bundesliga 2007/2008"]
[Site "Graz"]
[Date "2008.03.15"]
[Round "10"]
[Board "5"]
[White "Alvir, Aco"]
[Black "Duer, Werner"]
[Result "1-0"]
[WhiteElo "2362"]
[BlackElo "2272"]
[PlyCount "121"]
[EventDate "2007.11.30"]
[EventType "team"]
[EventRounds "11"]
[EventCountry "AUT"]
[WhiteTeam "ASVOe Pamhagen"]
[BlackTeam "SK Absam"]

1.e4 c6 2.d4 d5 3.Nc3 dxe4 4.Nxe4 Bf5 5.Ng3 Bg6 6.h4 h6 7.Nf3 Nd7 8.h5 Bh7 9.Bd3
Bxd3 10.Qxd3 e6 11.Bf4 Qa5+ 12.Bd2 Bb4 13.c3 Be7 14.O-O Ngf6 15.Rfe1 O-O 16.c4
Bb4 17.Bxb4 Qxb4 18.Qc2 a5 19.a3 Qb6 20.c5 Qa6 21.Ne5 Rfd8 22.Re3 Nf8 23.Rd1 Nd5
24.Rf3 f6 25.Nc4 Rd7 26.Ne4 Rad8 27.Re1 b5 28.Ncd6 f5 29.Nc3 Nf6 30.Qb3 a4
31.Qa2 Rxd6 32.cxd6 Nd5 33.Nxd5 cxd5 34.Qb1 Qxd6 35.Qd3 Rb8 36.Qc2 Rb7 37.Rc3
Qf4 38.Rc8 Rf7 39.Rxe6 Qxd4 40.Ree8 f4 41.Qe2 Qf6 42.Qe6 Qxe6 43.Rxe6 Rc7
44.Ree8 Rxc8 45.Rxc8 Kf7 46.Rc5 Ke6 47.Rxb5 Nd7 48.Kf1 Ke5 49.Ke2 Kd6 50.Rb4 Nc5
51.Rxf4 Kc6 52.Ke3 Kb5 53.Rb4+ Ka5 54.Kd4 Ne4 55.Kxd5 Nxf2 56.Rb8 Nd3 57.g3 Ka6
58.Kd4 Nf2 59.Rb4 Ka5 60.Ke3 Nh3 61.Rb7

[Event "1 Bundesliga 2007/2008"]
[Site "Graz"]
[Date "2008.03.15"]
[Round "10"]
[Board "6"]
[White "Gerhold, Michael"]
[Black "Lipka, Juraj"]
[Result "0-1"]
[WhiteElo "2219"]
[BlackElo "2438"]
[PlyCount "74"]
[EventDate "2007.11.30"]
[EventType "team"]
[EventRounds "11"]
[EventCountry "AUT"]
[WhiteTeam "SK Absam"]
[BlackTeam "ASVOe Pamhagen"]

1.Nf3 d5 2.d4 c6 3.c4 e6 4.e3 f5 5.Bd3 Nf6 6.Ne5 Bd6 7.f4 O-O 8.O-O b6 9.Nd2 Bb7
10.Ndf3 c5 11.b3 Na6 12.a3 dxc4 13.Bxc4 Nc7 14.dxc5 Bxc5 15.b4 Bd6 16.Bb2 Ncd5
17.Qe2 Qe7 18.Rfc1 Rfc8 19.b5 Rc7 20.a4 Rac8 21.Bb3 Bc5 22.Rxc5 bxc5 23.Nc4 Nb6
24.Nfe5 Nxc4 25.Nxc4 Bd5 26.a5 Ne4 27.Be5 Rb7 28.Ba4 Rd8 29.Rb1 Bxc4 30.Qxc4 Nd2
31.Qc2 Nxb1 32.Qxb1 c4 33.h3 Qa3 34.Qc2 Qxe3+ 35.Kh2 Qd3 36.Qb2 Qd2 37.Qa3 Qxa5

[Event "1 Bundesliga 2007/2008"]
[Site "Graz"]
[Date "2008.03.16"]
[Round "11"]
[Board "1"]
[White "Dizdar, Goran"]
[Black "Sandhu, Mario"]
[Result "1-0"]
[WhiteElo "2564"]
[BlackElo "2308"]
[PlyCount "55"]
[EventDate "2007.11.30"]
[EventType "team"]
[EventRounds "11"]
[EventCountry "AUT"]
[WhiteTeam "SK Absam"]
[BlackTeam "RbEJ Gleisdorf"]

1.d4 Nf6 2.Nf3 e6 3.e3 b6 4.c4 Bb7 5.Nc3 Bb4 6.Bd3 Ne4 7.O-O Bxc3 8.bxc3 Nxc3
9.Qc2 Bxf3 10.gxf3 Qg5+ 11.Kh1 Qh5 12.Rg1 Qxf3+ 13.Rg2 f5 14.Bb2 Ne4 15.Rf1 Rg8
16.Be2 Qh3 17.f3 Nf6 18.d5 Qh6 19.e4 f4 20.c5 c6 21.dxe6 dxe6 22.Rd1 b5 23.Rd6
Kf7 24.Rxe6 Kxe6 25.Qb3+ Nd5 26.exd5+ cxd5 27.Bxb5 Rd8 28.Rxg7

[Event "1 Bundesliga 2007/2008"]
[Site "Graz"]
[Date "2008.03.16"]
[Round "11"]
[Board "2"]
[White "Frosch, Ronald"]
[Black "Rotstein, Arkadij"]
[Result "0-1"]
[WhiteElo "2229"]
[BlackElo "2548"]
[PlyCount "62"]
[EventDate "2007.11.30"]
[EventType "team"]
[EventRounds "11"]
[EventCountry "AUT"]
[WhiteTeam "RbEJ Gleisdorf"]
[BlackTeam "SK Absam"]

1.d4 Nf6 2.Nf3 b6 3.e3 Bb7 4.b3 c5 5.Bb2 cxd4 6.exd4 g6 7.Be2 Bg7 8.O-O O-O
9.Nbd2 Nc6 10.a3 Rc8 11.Re1 e6 12.Nc4 Qc7 13.Ne3 Ne7 14.c4 d5 15.Rc1 dxc4
16.bxc4 Rfd8 17.Qb3 Nh5 18.d5 exd5 19.Bxg7 Nxg7 20.Ng4 Ngf5 21.Nfe5 h5 22.Nf6+
Kg7 23.Nxh5+ gxh5 24.Nxf7 Kxf7 25.Bxh5+ Kf6 26.Qb2+ d4 27.Qe2 Qd6 28.g4 Rh8
29.f4 Rxh5 30.Qe5+ Qxe5 31.fxe5+ Ke6

[Event "1 Bundesliga 2007/2008"]
[Site "Graz"]
[Date "2008.03.16"]
[Round "11"]
[Board "4"]
[White "Perhinig, Robert"]
[Black "Schmittdiel, Eckhard"]
[Result "1/2-1/2"]
[WhiteElo "2272"]
[BlackElo "2417"]
[PlyCount "70"]
[EventDate "2007.11.30"]
[EventType "team"]
[EventRounds "11"]
[EventCountry "AUT"]
[WhiteTeam "RbEJ Gleisdorf"]
[BlackTeam "SK Absam"]

1.d4 f5 2.Nf3 Nf6 3.g3 e6 4.Bg2 b5 5.O-O Bb7 6.b3 c5 7.c3 Be7 8.Ba3 Na6 9.Nbd2
O-O 10.c4 Ne4 11.Nxe4 fxe4 12.Nd2 b4 13.Bb2 d5 14.Bh3 Qb6 15.dxc5 Nxc5 16.Bd4
Bf6 17.Bxc5 Qxc5 18.Bxe6+ Kh8 19.Rc1 e3 20.cxd5 exf2+ 21.Kg2 Bc3 22.Nf3 Qe3
23.Rxf2 Rad8 24.Qc2 Rf6 25.Rcf1 h6 26.h4 Ba6 27.Ng5 Rxf2+ 28.Rxf2 hxg5 29.hxg5
Qxg5 30.Rf4 g6 31.Rg4 Qe3 32.Qxg6 Qxe2+ 33.Kh1 Qe1+ 34.Kh2 Qf2+ 35.Kh1 Qf1+

[Event "1 Bundesliga 2007/2008"]
[Site "Graz"]
[Date "2008.03.16"]
[Round "11"]
[Board "5"]
[White "Duer, Werner"]
[Black "Walzl, Martin"]
[Result "1-0"]
[WhiteElo "2272"]
[BlackElo "2153"]
[PlyCount "31"]
[EventDate "2007.11.30"]
[EventType "team"]
[EventRounds "11"]
[EventCountry "AUT"]
[WhiteTeam "SK Absam"]
[BlackTeam "RbEJ Gleisdorf"]

1.d4 e6 2.Nf3 Nf6 3.e3 b6 4.Bd3 Bb7 5.O-O d5 6.b3 Bd6 7.Bb2 O-O 8.c4 Nbd7 9.Nc3
a6 10.cxd5 exd5 11.Ne2 Ne4 12.Ng3 f5 13.Ne5 Qe7 14.f4 Qe6 15.Nxe4 dxe4 16.Bc4